000
00266nam a22001097a 4500
008
170113b xxu||||| |||| 00| 0 eng d
020
_a
9780397557578
041
_a
eng
080
_a
618.2
245
_a
PSYCHIATRIC-MENTAL HEALTH NURSING
_c
JOHNSON, B.S
942
_2
udc
_c
BK
999
_c
2848
_d
2848